[Event "ESP-ch U14 rapid"]
[Site "Salobrena"]
[Date "2023.07.23"]
[Round "7"]
[White "Bethencourt Hernandez, Alberto"]
[Black "Atares Buisan, Sergio"]
[Result "1-0"]
[WhiteElo "1676"]
[BlackElo "1474"]
[PlyCount "103"]
[EventDate "2023.07.22"]
[EventType "swiss (rapid)"]
[EventRounds "9"]
[EventCountry "ESP"]
[SourceTitle "EXT 2024"]
[Source "ChessBase"]
[SourceDate "2023.10.10"]
[SourceVersion "1"]
[SourceVersionDate "2023.10.10"]
[SourceQuality "1"]

1. e4 c5 2. Nf3 Nc6 3. Bb5 g6 4. 0-0 Bg7 5. Re1 e6 6. c3 Nge7 7. d4 cxd4 8. cxd4 d5 9. exd5 Nxd5 10. Nc3 0-0 11. Bxc6 bxc6 12. Ne5 Qc7 13. Qc2 Bd7 14. Nxd5 exd5 15. Bf4 Qc8 16. Rac1 Bxe5 17. Bxe5 f6 18. Bd6 Re8 19. Qc3 Qa6 20. Qf3 Kg7 21. Be7 f5 22. Qf4 Qb7 23. Rc3 Qb8 24. Qg5 Qd6 25. Rh3 h5 26. Rxh5 Kf7 27. Rh7+ Kg8 28. Rh6 Rxe7 29. Rxg6+ Qxg6 30. Qxg6+ Rg7 31. Qd6 Rf8 32. Re7 Rxe7 33. Qxe7 Re8 34. Qg5+ Kf7 35. h4 Re4 36. Qd8 Be8 37. Qc7+ Re7 38. Qf4 Bd7 39. h5 Re4 40. Qd6 Ke8 41. h6 Re1+ 42. Kh2 Re6 43. Qb8+ Ke7 44. Qf4 Kf7 45. Qxf5+ Kg8 46. Qg5+ Kf8 47. Qg7+ Ke8 48. h7 Kd8 49. h8Q+ Kc7 50. Qhh7 Rd6 51. Qe5 a6 52. Qhe7 1-0

[Event "ESP-ch U14 rapid"]
[Site "Salobrena"]
[Date "2023.07.23"]
[Round "9"]
[White "Lunin Bohomolets, Iliia"]
[Black "Atares Buisan, Sergio"]
[Result "0-1"]
[WhiteElo "1626"]
[BlackElo "1474"]
[PlyCount "72"]
[EventDate "2023.07.22"]
[EventType "swiss (rapid)"]
[EventRounds "9"]
[EventCountry "ESP"]
[SourceTitle "EXT 2024"]
[Source "ChessBase"]
[SourceDate "2023.10.10"]
[SourceVersion "1"]
[SourceVersionDate "2023.10.10"]
[SourceQuality "1"]

1. d4 Nf6 2. Nc3 c5 3. Bg5 cxd4 4. Qxd4 Nc6 5. Qh4 Ng8 6. 0-0-0 h6 7. Bf4 Nf6 8. e4 e5 9. Be3 Be7 10. Qg3 Nh5 11. Qg4 g6 12. Bb5 d5 13. Qe2 d4 14. Nd5 dxe3 15. Nf6+ Bxf6 16. Rxd8+ Bxd8 17. fxe3 0-0 18. g4 Nf6 19. Bd3 Bxg4 20. Qf2 Be6 21. Ne2 Kg7 22. Rg1 Bb6 23. Qf3 h5 24. h3 Rac8 25. Rg5 Bxa2 26. Ng3 Be6 27. Nf5+ Bxf5 28. exf5 e4 29. Bxe4 Nxe4 30. Qxe4 Rce8 31. f6+ Kh8 32. Rxh5+ gxh5 33. Qh4 Bxe3+ 34. Kd1 Re5 35. Qg3 Rd8+ 36. Ke1 Bf4+ 0-1

[Event "ESP-ch U14 rapid"]
[Site "Salobrena"]
[Date "2023.07.22"]
[Round "4"]
[White "Atares Buisan, Sergio"]
[Black "Perea Fruet, Federico"]
[Result "1-0"]
[WhiteElo "1474"]
[BlackElo "1726"]
[PlyCount "90"]
[EventDate "2023.07.22"]
[EventType "swiss (rapid)"]
[EventRounds "9"]
[EventCountry "ESP"]
[SourceTitle "EXT 2024"]
[Source "ChessBase"]
[SourceDate "2023.10.10"]
[SourceVersion "1"]
[SourceVersionDate "2023.10.10"]
[SourceQuality "1"]

1. e4 c6 2. d4 d5 3. e5 Bf5 4. h4 h5 5. Bg5 Qb6 6. Bd3 Bxd3 7. Qxd3 e6 8. Nd2 c5 9. c4 Nd7 10. cxd5 exd5 11. Ngf3 cxd4 12. 0-0 Be7 13. Nxd4 Nxe5 14. Qe3 Ng4 15. Qd3 Ne5 16. Qe3 Ng4 17. Qd3 Ne5 18. Qb5+ Qxb5 19. Nxb5 Bxg5 20. hxg5 Kd7 21. Rac1 Nc6 22. Rfd1 Nge7 23. Nb3 b6 24. Rd2 Rhd8 25. Rcd1 Kc8 26. Nc3 d4 27. Nxd4 Nxd4 28. Rxd4 Rxd4 29. Rxd4 Nf5 30. Rd5 g6 31. Kf1 Kc7 32. Ke2 Re8+ 33. Kd2 a6 34. g3 Kc6 35. Rd3 Re5 36. f4 Re8 37. Ne2 b5 38. b4 Kb6 39. Rd7 Re4 40. a3 h4 41. gxh4 Nxh4 42. Rxf7 Re6 43. Rf6 Rxf6 44. gxf6 Kc6 45. f7 Kd5 1-0

[Event "ESP-ch U14"]
[Site "Salobrena"]
[Date "2023.07.18"]
[Round "3"]
[White "Bangiev, Katharina"]
[Black "Atares Buisan, Sergio"]
[Result "0-1"]
[WhiteElo "1627"]
[BlackElo "1790"]
[PlyCount "114"]
[EventDate "2023.07.17"]
[EventType "swiss"]
[EventRounds "9"]
[EventCountry "ESP"]
[SourceTitle "EXT 2024"]
[Source "ChessBase"]
[SourceDate "2023.10.10"]
[SourceVersion "1"]
[SourceVersionDate "2023.10.10"]
[SourceQuality "1"]

1. e4 c5 2. Nf3 Nc6 3. d4 cxd4 4. Nxd4 g6 5. c4 Nf6 6. Nc3 d6 7. Be2 Nxd4 8. Qxd4 Bg7 9. Be3 0-0 10. Qd3 Be6 11. Bd4 Nd7 12. Bxg7 Kxg7 13. 0-0 a5 14. b3 Nc5 15. Qg3 f5 16. exf5 Bxf5 17. Bg4 Qd7 18. Bxf5 Qxf5 19. Rfe1 Rae8 20. Re3 e5 21. Rd1 Re6 22. h3 Ref6 23. Rf3 Qc2 24. Rxf6 Rxf6 25. Qe3 Qf5 26. Nd5 Rf7 27. Nc3 Rf6 28. Nd5 Rf7 29. Nc3 Rd7 30. Nb5 Qf6 31. Qd2 Kf8 32. Qxa5 e4 33. Qc3 Qxc3 34. Nxc3 Re7 35. Rxd6 e3 36. fxe3 Rxe3 37. Nd5 Re1+ 38. Kh2 Re2 39. Nb4 Ke7 40. Rd5 Nd7 41. Rb5 b6 42. Nd5+ Kd8 43. a4 Re6 44. a5 bxa5 45. Rxa5 Kc8 46. Ra8+ Kb7 47. Rh8 h5 48. Rh7 Kc6 49. Rg7 Ne5 50. Rc7+ Kd6 51. Ra7 Kc5 52. Rc7+ Kd4 53. Nf4 Rf6 54. Nd5 Ra6 55. Rb7 Ra2 56. Rb5 h4 57. Nf4 Nf3+ 0-1

[Event "ESP-ch U14"]
[Site "Salobrena"]
[Date "2023.07.17"]
[Round "1"]
[White "Diaz Reyes, Iker"]
[Black "Atares Buisan, Sergio"]
[Result "1/2-1/2"]
[WhiteElo "1360"]
[BlackElo "1790"]
[PlyCount "96"]
[EventDate "2023.07.17"]
[EventType "swiss"]
[EventRounds "9"]
[EventCountry "ESP"]
[SourceTitle "EXT 2024"]
[Source "ChessBase"]
[SourceDate "2023.10.10"]
[SourceVersion "1"]
[SourceVersionDate "2023.10.10"]
[SourceQuality "1"]

1. e4 c5 2. Nf3 Nc6 3. d4 cxd4 4. Nxd4 g6 5. c4 Nf6 6. Nc3 d6 7. f3 Nxd4 8. Qxd4 Bg7 9. Be3 0-0 10. Qd2 Be6 11. Be2 Nd7 12. Nd5 Bxd5 13. cxd5 Nc5 14. Rc1 Rc8 15. 0-0 a6 16. Rc2 b5 17. Rfc1 Qd7 18. Bxc5 dxc5 19. Rxc5 Rxc5 20. Rxc5 Bxb2 21. Kf1 Ba3 22. Rc6 Rc8 23. Qc3 Rxc6 24. dxc6 Qc7 25. Qxa3 Qxc6 26. Qxe7 Qc3 27. Qd8+ Kg7 28. Qd5 h5 29. e5 Qe3 30. Qd6 Kg8 31. a3 Kh7 32. Bd3 Qc1+ 33. Kf2 Qd2+ 34. Be2 Qf4 35. g3 Qa4 36. f4 h4 37. Qb4 hxg3+ 38. hxg3 Qc2 39. Qd6 Qc8 40. Kg2 Qc2 41. Qd3 Qc5 42. Bg4 Qc6+ 43. Bf3 Qc5 44. g4 Qc1 45. e6 fxe6 46. Qd7+ Kh8 47. Qe8+ Kg7 48. Qe7+ Kh8 1/2-1/2

[Event "Aragon-chT Preferente Gr I"]
[Site "Aragon"]
[Date "2023.03.11"]
[Round "7.35"]
[White "Atares Buisan, Sergio"]
[Black "Garcia Acin, Pablo"]
[Result "1/2-1/2"]
[WhiteElo "1691"]
[BlackElo "1851"]
[PlyCount "60"]
[EventDate "2023.01.28"]
[EventType "team-tourn"]
[EventRounds "9"]
[EventCountry "ESP"]
[SourceTitle "EXT 2024"]
[Source "ChessBase"]
[SourceDate "2023.10.10"]
[SourceVersion "1"]
[SourceVersionDate "2023.10.10"]
[SourceQuality "1"]
[WhiteTeam "Marcos Frechin II"]
[BlackTeam "Iberajedrez Mundo 64 II"]
[WhiteTeamCountry "ESP"]
[BlackTeamCountry "ESP"]

1. e4 c5 2. b4 b6 3. bxc5 bxc5 4. Bc4 e6 5. Nc3 Nc6 6. Rb1 Nf6 7. Nge2 a6 8. 0-0 Nxe4 9. Nxe4 d5 10. Bb3 dxe4 11. Ba4 Bd7 12. Ng3 Qa5 13. c3 Ne5 14. Bxd7+ Nxd7 15. Qc2 Be7 16. Nxe4 0-0 17. d3 Rfd8 18. Be3 Ne5 19. d4 cxd4 20. Bxd4 Nc4 21. Rb7 Bf8 22. Qe2 Nd6 23. Nxd6 Rxd6 24. Rfb1 Qd5 25. h3 h6 26. Be5 Rd7 27. Rb8 Rd8 28. R8b7 Rd7 29. Rb8 Rd8 30. R8b7 Rd7 1/2-1/2

[Event "Aragon-chT Preferente Gr I"]
[Site "Aragon"]
[Date "2023.02.18"]
[Round "4.41"]
[White "Lacamara Pasamar, Miguel"]
[Black "Atares Buisan, Sergio"]
[Result "0-1"]
[WhiteElo "1794"]
[BlackElo "1691"]
[PlyCount "130"]
[EventDate "2023.01.28"]
[EventType "team-tourn"]
[EventRounds "9"]
[EventCountry "ESP"]
[SourceTitle "EXT 2024"]
[Source "ChessBase"]
[SourceDate "2023.10.10"]
[SourceVersion "1"]
[SourceVersionDate "2023.10.10"]
[SourceQuality "1"]
[WhiteTeam "Helios II"]
[BlackTeam "Marcos Frechin II"]
[WhiteTeamCountry "ESP"]
[BlackTeamCountry "ESP"]

1. e4 c5 2. Nf3 Nc6 3. d4 cxd4 4. Nxd4 g6 5. Nc3 Bg7 6. Be3 Nf6 7. Bc4 Qa5 8. 0-0 d6 9. h3 0-0 10. Bb3 Bd7 11. Re1 Qh5 12. Nd5 Qxd1 13. Raxd1 Nxd5 14. exd5 Nxd4 15. Bxd4 Rfe8 16. g4 b6 17. Re3 g5 18. Bxg7 Kxg7 19. Rd4 Rad8 20. Rc3 Rc8 21. Re3 b5 22. a3 Rcd8 23. Rde4 Kf6 24. Rf3+ Kg6 25. Rfe3 Kf6 26. f4 h6 27. f5 Rc8 28. c3 Rb8 29. Kf2 a5 30. Ke1 Rb7 31. Kd2 Rbb8 32. Ba2 Rb7 33. Kc2 h5 34. Rf3 h4 35. Bb3 Rc8 36. Kd2 Rcb8 37. Rfe3 Re8 38. Ba2 Rbb8 39. Re2 Rb7 40. Ke1 Rbb8 41. Rf2 Rb7 42. Bb3 Reb8 43. Rfe2 Re8 44. Kd1 Rbb8 45. Kc1 Rb7 46. Kd2 Rbb8 47. Ke3 Rb7 48. Kd2 Rbb8 49. Ke1 Rb7 50. Rf2 Reb8 51. Rfe2 Re8 52. Kd1 Rbb8 53. Rf2 Rb7 54. a4 bxa4 55. Bxa4 Bxa4+ 56. Rxa4 Reb8 57. Kc1 Rb5 58. Rd4 R8b7 59. Kb1 Rc5 60. Kc2 Rbb5 61. Rfd2 Rb7 62. c4 Rc8 63. Kc3 Rcb8 64. Kc2 Rxb2+ 65. Kc3 R8b3# 0-1

[Event "ESP-ch U14 Rapid"]
[Site "Salobrena"]
[Date "2022.07.24"]
[Round "5"]
[White "Atares Buisan, Sergio"]
[Black "Torres Rebolledo, Alvaro"]
[Result "0-1"]
[WhiteElo "1303"]
[BlackElo "1558"]
[PlyCount "60"]
[EventDate "2022.07.23"]
[EventType "swiss (rapid)"]
[EventRounds "9"]
[EventCountry "ESP"]
[SourceTitle "EXT 2023"]
[Source "ChessBase"]
[SourceDate "2022.10.05"]
[SourceVersion "1"]
[SourceVersionDate "2022.10.05"]
[SourceQuality "1"]

1. e4 e5 2. Nf3 Nc6 3. Bc4 Nf6 4. 0-0 Bc5 5. d4 Bxd4 6. Nxd4 Nxd4 7. Bg5 d6 8. f4 Qe7 9. f5 h6 10. Bh4 Bd7 11. Nc3 c6 12. Nb1 d5 13. c3 Nxf5 14. Bxd5 Nxh4 15. Bb3 0-0-0 16. Nd2 Qc5+ 17. Kh1 Ng4 18. Qe1 g5 19. Rd1 Ne3 20. Rxf7 Nxd1 21. Qxd1 Rhf8 22. Rg7 Qf2 23. Qg1 Qxd2 24. h3 Rf2 25. Rxd7 Rxd7 26. Be6 Rxg2 27. Qf1 Rh2+ 28. Kg1 Qg2+ 29. Qxg2 Rxg2+ 30. Kh1 Kc7 0-1

[Event "ESP-ch U14"]
[Site "Salobrena"]
[Date "2022.07.21"]
[Round "6"]
[White "Muntal Corrales, Arnau"]
[Black "Atares Buisan, Sergio"]
[Result "1-0"]
[WhiteElo "1816"]
[BlackElo "1628"]
[PlyCount "76"]
[EventDate "2022.07.18"]
[EventType "swiss"]
[EventRounds "9"]
[EventCountry "ESP"]
[SourceTitle "EXT 2023"]
[Source "ChessBase"]
[SourceDate "2022.10.05"]
[SourceVersion "1"]
[SourceVersionDate "2022.10.05"]
[SourceQuality "1"]

1. d4 Nf6 2. c4 c5 3. d5 e6 4. Nc3 exd5 5. cxd5 d6 6. e4 g6 7. f4 Bg7 8. Bb5+ Nfd7 9. Bd3 0-0 10. Nf3 Nb6 11. 0-0 Bg4 12. h3 Bxf3 13. Rxf3 N8d7 14. Rb1 c4 15. Bc2 Nc5 16. Be3 Rc8 17. Qd2 Re8 18. Rbf1 Bxc3 19. bxc3 Nxe4 20. Bxe4 Rxe4 21. f5 Nd7 22. fxg6 fxg6 23. Bh6 Qe8 24. Qf2 Re7 25. Qxa7 b5 26. Qb7 Rb8 27. Qc6 Ne5 28. Rf8+ Qxf8 29. Rxf8+ Rxf8 30. Qxd6 Rfe8 31. Qc5 Rb7 32. d6 Nd3 33. Qd5+ Rf7 34. d7 Rd8 35. Qe6 Nc5 36. Qe8+ Rf8 37. Bxf8 Nxd7 38. Qxd8 Nxf8 1-0

[Event "ESP-ch U14"]
[Site "Salobrena"]
[Date "2022.07.20"]
[Round "5"]
[White "Atares Buisan, Sergio"]
[Black "Lozano Casasayas, Marc"]
[Result "1-0"]
[WhiteElo "1628"]
[BlackElo "1822"]
[PlyCount "41"]
[EventDate "2022.07.18"]
[EventType "swiss"]
[EventRounds "9"]
[EventCountry "ESP"]
[SourceTitle "EXT 2023"]
[Source "ChessBase"]
[SourceDate "2022.10.05"]
[SourceVersion "1"]
[SourceVersionDate "2022.10.05"]
[SourceQuality "1"]

1. e4 c6 2. d4 d5 3. Nc3 dxe4 4. Nxe4 Nf6 5. Nxf6+ exf6 6. c3 Bd6 7. Bd3 0-0 8. Qc2 Re8+ 9. Ne2 h5 10. 0-0 h4 11. h3 Nd7 12. Bf4 Rxe2 13. Qxe2 Bxf4 14. Qe4 Bd2 15. Qh7+ Kf8 16. Rad1 Bf4 17. Rfe1 Ne5 18. dxe5 fxe5 19. Qh8+ Ke7 20. Qxh4+ f6 21. Qxf4 1-0

[Event "ESP-ch U12"]
[Site "Salobrena"]
[Date "2021.07.09"]
[Round "7"]
[White "Bartolome Benito, Alejandro"]
[Black "Atares Buisan, Sergio"]
[Result "1-0"]
[WhiteElo "1449"]
[BlackElo "1205"]
[PlyCount "77"]
[EventDate "2021.07.05"]
[EventType "swiss"]
[EventRounds "9"]
[EventCountry "ESP"]
[SourceTitle "EXT 2022"]
[Source "ChessBase"]
[SourceDate "2021.10.06"]
[SourceVersion "1"]
[SourceVersionDate "2021.10.06"]
[SourceQuality "1"]

1. e4 e5 2. Nf3 Nc6 3. d4 exd4 4. Bc4 Bc5 5. c3 d3 6. Qxd3 h6 7. Bxf7+ Kxf7 8. Qd5+ Kf8 9. Qxc5+ d6 10. Qc4 Qe7 11. 0-0 Nf6 12. Nh4 Ne5 13. Qe2 Bg4 14. f3 Be6 15. f4 Bc4 16. Qc2 Bxf1 17. fxe5 Qf7 18. exf6 Qxf6 19. Qf2 Ke7 20. Qxf6+ Kxf6 21. Kxf1 Rhf8 22. Ke2 Rae8 23. Kd3 Ke6 24. Be3 Rf1 25. Ke2 Rh1 26. Nf5 Kd7 27. h3 Rf8 28. Bf2 Rc1 29. Ne3 Ke6 30. Be1 Ke5 31. Kd2 Rxe1 32. Kxe1 Kxe4 33. Ke2 Re8 34. Nd2+ Kf4 35. Rf1+ Kg5 36. Rf7 c5 37. Rxb7 d5 38. Rd7 Re5 39. Nf3+ 1-0

[Event "ESP-ch U12"]
[Site "Salobrena"]
[Date "2021.07.08"]
[Round "6"]
[White "Atares Buisan, Sergio"]
[Black "Gutierrez Toro, Raul"]
[Result "1-0"]
[WhiteElo "1205"]
[BlackElo "1433"]
[PlyCount "139"]
[EventDate "2021.07.05"]
[EventType "swiss"]
[EventRounds "9"]
[EventCountry "ESP"]
[SourceTitle "EXT 2022"]
[Source "ChessBase"]
[SourceDate "2021.10.06"]
[SourceVersion "1"]
[SourceVersionDate "2021.10.06"]
[SourceQuality "1"]

1. e4 c5 2. Nc3 Nc6 3. Bb5 g6 4. Bxc6 bxc6 5. f4 Bg7 6. Nf3 e6 7. d3 d5 8. e5 Ne7 9. 0-0 0-0 10. Bd2 Nf5 11. Qe1 h5 12. Qf2 Qe7 13. Na4 d4 14. b3 Rd8 15. Rad1 Ba6 16. Rfe1 Bf8 17. Ng5 Bg7 18. Ne4 Rd5 19. Bc1 Bb5 20. Naxc5 a5 21. a4 Ba6 22. Nxa6 Rxa6 23. Ng3 Nh6 24. h3 Ra8 25. Re4 Rad8 26. Bb2 c5 27. Ba3 Qa7 28. Rde1 Bf8 29. Nf1 Be7 30. Nh2 Nf5 31. Nf3 h4 32. Bc1 Kg7 33. Bd2 Rh8 34. Bc1 Qc7 35. Rd1 Rhd8 36. Bd2 Qa7 37. Rb1 R8d7 38. Ree1 Rd8 39. Rec1 R8d7 40. Be1 Qa8 41. Nd2 Bd8 42. Nc4 Ra7 43. Qd2 Rad7 44. Bf2 Bc7 45. Rd1 Qd8 46. Qe2 Qe7 47. Nd2 Bd8 48. Ne4 Qf8 49. Rbc1 Qh8 50. Qf3 Be7 51. c3 Qd8 52. cxd4 cxd4 53. Rc4 Qa8 54. Rb1 Qb7 55. Qd1 Rc7 56. Rxc7 Qxc7 57. Rc1 Qb6 58. Rc4 Rd7 59. Qc2 Rd5 60. Kf1 Ne3+ 61. Bxe3 dxe3 62. Ke2 Bb4 63. Rc7 Bd2 64. Ng5 Kg8 65. Rxf7 Rd8 66. Qc4 Rd4 67. Rf8+ Kxf8 68. Nxe6+ Ke8 69. Nxd4 Qb7 70. Qb5+ 1-0

[Event "ESP-ch U12"]
[Site "Salobrena"]
[Date "2021.07.07"]
[Round "5"]
[White "Jubin Diez, Damien"]
[Black "Atares Buisan, Sergio"]
[Result "1/2-1/2"]
[WhiteElo "1344"]
[BlackElo "1205"]
[PlyCount "100"]
[EventDate "2021.07.05"]
[EventType "swiss"]
[EventRounds "9"]
[EventCountry "ESP"]
[SourceTitle "EXT 2022"]
[Source "ChessBase"]
[SourceDate "2021.10.06"]
[SourceVersion "1"]
[SourceVersionDate "2021.10.06"]
[SourceQuality "1"]

1. e4 c5 2. Nf3 Nc6 3. d4 cxd4 4. Nxd4 g6 5. Nc3 Bg7 6. Be3 Nf6 7. f3 0-0 8. Qd2 e6 9. 0-0-0 d5 10. Nxc6 bxc6 11. Bh6 Rb8 12. Bxg7 Kxg7 13. Qf4 Qb6 14. Na4 Qb4 15. c3 Qb7 16. h4 h6 17. g4 Bd7 18. Rd2 Rfc8 19. Nc5 Qc7 20. Qxc7 Rxc7 21. Na6 Rcb7 22. Nxb8 Rxb8 23. e5 Ne8 24. b4 Nc7 25. a4 Kf8 26. Kc2 a6 27. Kd3 Na8 28. Kd4 Nc7 29. Bd3 Ke7 30. f4 f6 31. Bxg6 c5+ 32. Kxc5 Bxa4 33. Ra1 Bb3 34. Ra3 Bc4 35. Bd3 Nb5 36. Bxc4 Rc8+ 37. Kb6 Nxa3 38. Bxa6 Rxc3 39. exf6+ Kxf6 40. Rd4 Nc4+ 41. Ka7 Nd6 42. b5 Ra3 43. Rb4 Ne4 44. Rxe4 dxe4 45. b6 Rb3 46. b7 e5 47. fxe5+ Kxe5 48. b8Q+ Rxb8 49. Kxb8 Kf4 50. g5 hxg5 1/2-1/2